All Tyler, The Creator Freestyles - Statistics

General Stats
  • This quiz has been taken 2 times
  • The average score is 4 of 8
Answer Stats
Hint Answer % Correct
Christmas 2024 THAT GUY
100%
Trouble BRING IT BACK
50%
Yes Indeed BRONCO
50%
Christmas 2025 SAG HARBOR
50%
Die Lit TIPTOE
50%
4:44 ZIPLOC
50%
Kids See Ghost CRUST IN THEIR EYES
0%
No Validation GELATO
0%
No matching quizzes found
Score Distribution
Percent of People with Each Score
Percentile by Number Answered
Your Score History
You have not taken this quiz